000 00310nam a2200121Ia 4500
008 180117s9999 xx 000 0 und d
100 _aby AA Patawaran
245 _aWHWN
260 _c2016
300 _a18-20 pages, 2016 February 28
440 _aPhilippine Panorama
650 _aWHATEVER CATCHES YOUR FANCY
999 _c353519
_d353519